00418nam a2200121Ia 4500001000800000005001700008008004100025020001800066245008100084260002200165999002100187952008800208125921320260417140307.0260417s9999 xx 000 0 und d a9786257432252 0aBir Müslüman Batı Medeniyeti’ne Nasıl Bakmalı?cMahmut Hakkı Akın bBeyan Yayınları c1259213d1259213 00104070a1112b1112d2026-04-17l0p1112131r2026-04-17 14:03:07w2026-04-17yBK